000 00349nam a22001457a 4500
008 210607b ||||| |||| 00| 0 eng d
020 _a9780495126560
041 _aeng
080 _a612.39
082 _a612.39
100 _a10
101 _aNUT
245 _aNutritional Sciences From Fundamentals to Food
_cKathy A. Beerman
942 _2udc
_cBK
999 _c57999
_d57999